| 000 | 006030000a22002170004500 | ||
|---|---|---|---|
| 003 | LK-CoMWRAF | ||
| 005 | 20231024094045.0 | ||
| 008 | 230817t1983 ||||| |||| 00| 0 eng d | ||
| 020 | _a0312017057 | ||
| 040 |
_aLK-CoMWRAF _dLK-CoMWRAF _eLK-CoMWRAF |
||
| 041 | _aeng | ||
| 082 |
_a362.2 _bGRA |
||
| 100 | _aGrant, Marcus | ||
| 245 |
_aAlcohol: _bThe Prevention Debate |
||
| 260 |
_aNew York: _bSt. Martin's Press, _c1983 |
||
| 300 |
_a206 p. ; 23 cm. _bBibliography and index included |
||
| 650 | _aALCOHOLISM-PREVENTION | ||
| 650 | _aDebates and debating | ||
| 700 | _aRitson, Bruce | ||
| 942 | _cBK | ||
| 999 |
_c2360 _d2360 |
||